| 000 | 00485 a2200169 4500 | ||
|---|---|---|---|
| 003 | OSt | ||
| 005 | 20231223153434.0 | ||
| 008 | 231223b |||||||| |||| 00| 0 eng d | ||
| 020 | _a9788181430519 | ||
| 040 | _coclc | ||
| 082 |
_a891.433 _bDAS/P |
||
| 100 |
_aDas, Lala Shrinivas _910215 |
||
| 245 |
_aPARIKSHA GURU / _cLala Shrinivas Das |
||
| 260 |
_aNew Delhi: _bVani Prakashan, _c2020. |
||
| 300 | _a176p | ||
| 942 |
_2ddc _cBK _h891.433 _iDAS/P _k891.433 _mDAS/P |
||
| 999 |
_c43564 _d43564 |
||